000 00765nam a2200205Ia 4500
003 OSt
005 20250115162930.0
008 210210b1997 xxu||||| |||| 00| 0 eng d
040 _cAL
041 _aKannada
082 _a398.2K BHAD
100 _aBHAIREGAUDA (M).
_d ಭೈರೇಗೌಡ (ಎ೦)
_9193600
245 _aDharmapuriyinda Tirunalvelivarege. (Tamilnadu janapada pravasa kathana).
_bಧರ್ಮಪುರಿಯಿಂದ ತಿರುನಲ್ವೇಲಿವರೆಗೆ. (ತಮಿಳುನಾಡು ಜನಪದ ಪ್ರವಾಸ ಕಥನ).
260 _aBengaluru.
_bKarnataka Janapada mattu Yakshagana Akademi.,
_c1997
300 _av,111
650 _aTamilnadu
_9193601
690 _aFolklore
_9193602
906 _a057749
942 _2ddc
_cBK
999 _c105134
_d105134